Statystyki dla Formuła 1 - składy zespołów 2008

Kliknij tutaj aby rozwiązać quiz!

Ogólne statystyki

  • Ten quiz został rozwiązany 75 razy
  • Średni wynik to 16 z 22

Statystyki odpowiedzi

ZespółPaństwoKierowca% Poprawnych
BMW SauberPolskaRobert Kubica
100%
FerrariBrazyliaFelipe Massa
98%
RenaultHiszpaniaFernando Alonso
98%
McLarenWielka BrytaniaLewis Hamilton
97%
FerrariFinlandiaKimi Raikkonen
94%
Toro RossoNiemcySebastian Vettel
90%
Red BullAustraliaMark Webber
87%
McLarenFinlandiaHeikki Kovalainen
84%
BMW SauberNiemcyNick Heidfeld
84%
HondaWielka BrytaniaJenson Button
77%
Red BullWielka BrytaniaDavid Coulthard
76%
ToyotaWłochyJarno Trulli
76%
RenaultBrazyliaNelson Piquet Jr.
76%
WilliamsNiemcyNico Rosberg
74%
Force IndiaNiemcyAdrian Sutil
66%
Super AguriJaponiaTakuma Sato
63%
ToyotaNiemcyTimo Glock
63%
HondaBrazyliaRubens Barrichello
56%
Force IndiaWłochyGiancarlo Fisichella
55%
WilliamsJaponiaKazuki Nakajima
48%
Super AguriWielka BrytaniaAnthony Davidson
44%
Toro RossoFrancjaSebastien Bourdais
42%

Rozkład punktacji

Percentyl według liczby udzielonych odpowiedzi

Procent ludzi z każdym wynikiem

Twoja historia wyników

Nie rozwiązałeś tego quizu